[Event "DEM U14 2023"]
[Site "Willingen GER"]
[Date "2023.06.02"]
[Round "8"]
[White "Wylie, Leonard"]
[Black "Navarro Jahnke, Leo"]
[Result "0-1"]
[Termination "normal"]
[Board "13"]
[WhiteElo "1546"]
[BlackElo "1954"]
[WhiteClock "01:03:46"]
[BlackClock "01:06:00"]
[PlyCount "104"]
[WhiteFideId "479616"]
[BlackFideId "16234146"]
[EventCountry "GER"]
[EventRounds "9"]
[EventType "swiss"]
[EventDate "2023.05.27"]

1. e4 {[%clk 01:30:58]} {[%emt 00:00:02]} c5 {[%clk 01:30:40]} {[%emt
00:00:19]} 2. Nf3 {[%clk 01:30:57]} {[%emt 00:00:31]} Nc6 {[%clk 01:30:56]}
{[%emt 00:00:13]} 3. Bb5 {[%clk 01:30:36]} {[%emt 00:00:52]} Nf6 {[%clk
01:31:13]} {[%emt 00:00:11]} 4. e5 {[%clk 01:30:34]} {[%emt 00:00:34]} Nd5
{[%clk 01:31:32]} {[%emt 00:00:11]} 5. O-O {[%clk 01:30:27]} {[%emt 00:00:37]}
Nc7 {[%clk 01:31:43]} {[%emt 00:00:18]} 6. Bxc6 {[%clk 01:30:50]} {[%emt
00:00:08]} dxc6 {[%clk 01:32:04]} {[%emt 00:00:09]} 7. c3 {[%clk 01:31:07]}
{[%emt 00:00:14]} Bg4 {[%clk 01:30:36]} {[%emt 00:01:57]} 8. h3 {[%clk
01:30:12]} {[%emt 00:01:26]} Bh5 {[%clk 01:29:11]} {[%emt 00:01:54]} 9. g4
{[%clk 01:28:50]} {[%emt 00:01:53]} Bg6 {[%clk 01:29:33]} {[%emt 00:00:07]} 10.
d4 {[%clk 01:29:09]} {[%emt 00:00:12]} cxd4 {[%clk 01:29:09]} {[%emt 00:00:54]}
11. cxd4 {[%clk 01:29:33]} {[%emt 00:00:06]} e6 {[%clk 01:28:27]} {[%emt
00:01:10]} 12. Nc3 {[%clk 01:29:07]} {[%emt 00:00:57]} Be7 {[%clk 01:27:45]}
{[%emt 00:01:13]} 13. Be3 {[%clk 01:28:13]} {[%emt 00:01:26]} Qd7 {[%clk
01:26:31]} {[%emt 00:01:42]} 14. Nh2 {[%clk 01:26:16]} {[%emt 00:02:27]} h5
{[%clk 01:24:53]} {[%emt 00:02:08]} 15. g5 {[%clk 01:26:28]} {[%emt 00:00:18]}
Nd5 {[%clk 01:24:27]} {[%emt 00:00:56]} 16. Nxd5 {[%clk 01:25:02]} {[%emt
00:01:56]} exd5 {[%clk 01:24:48]} {[%emt 00:00:08]} 17. Qf3 {[%clk 01:21:56]}
{[%emt 00:03:36]} h4 {[%clk 01:20:08]} {[%emt 00:05:10]} 18. Qg2 {[%clk
01:21:29]} {[%emt 00:00:53]} Bf5 {[%clk 01:19:51]} {[%emt 00:00:52]} 19. Ng4
{[%clk 01:21:31]} {[%emt 00:00:28]} O-O-O {[%clk 01:18:01]} {[%emt 00:02:19]}
20. a3 {[%clk 01:17:47]} {[%emt 00:04:16]} f6 {[%clk 01:17:18]} {[%emt
00:01:12]} 21. exf6 {[%clk 01:17:59]} {[%emt 00:00:18]} gxf6 {[%clk 01:17:45]}
{[%emt 00:00:02]} 22. f3 {[%clk 01:17:27]} {[%emt 00:01:02]} fxg5 {[%clk
01:16:33]} {[%emt 00:01:43]} 23. Qd2 {[%clk 01:14:14]} {[%emt 00:03:41]} Qc7
{[%clk 01:15:56]} {[%emt 00:01:08]} 24. Qg2 {[%clk 01:13:16]} {[%emt 00:01:28]}
Rdg8 {[%clk 01:13:05]} {[%emt 00:03:21]} 25. b4 {[%clk 01:12:28]} {[%emt
00:01:18]} Bd6 {[%clk 01:11:22]} {[%emt 00:02:07]} 26. Kh1 {[%clk 01:10:53]}
{[%emt 00:02:07]} Bf4 {[%clk 01:11:19]} {[%emt 00:00:38]} 27. Bg1 {[%clk
01:10:40]} {[%emt 00:00:43]} Re8 {[%clk 01:08:31]} {[%emt 00:03:17]} 28. Rfe1
{[%clk 01:09:28]} {[%emt 00:01:44]} Bg3 {[%clk 01:07:14]} {[%emt 00:01:46]} 29.
Bh2 {[%clk 01:08:24]} {[%emt 00:01:35]} Qf4 {[%clk 01:06:53]} {[%emt 00:00:50]}
30. Rxe8+ {[%clk 01:06:25]} {[%emt 00:02:31]} Rxe8 {[%clk 01:07:20]} {[%emt
00:00:03]} 31. Bg1 {[%clk 01:06:33]} {[%emt 00:00:20]} Bxg4 {[%clk 01:04:09]}
{[%emt 00:03:41]} 32. fxg4 {[%clk 01:06:25]} {[%emt 00:00:40]} Rf8 {[%clk
01:03:14]} {[%emt 00:01:25]} 33. a4 {[%clk 01:05:02]} {[%emt 00:01:53]} Qe4
{[%clk 01:02:19]} {[%emt 00:01:25]} 34. b5 {[%clk 01:04:24]} {[%emt 00:01:08]}
Rf3 {[%clk 01:01:29]} {[%emt 00:01:14]} 35. Bh2 {[%clk 01:00:02]} {[%emt
00:04:53]} Rf2 {[%clk 01:01:41]} {[%emt 00:00:23]} 36. Qxe4 {[%clk 00:59:30]}
{[%emt 00:01:03]} Rxh2+ {[%clk 01:02:09]} {[%emt 00:00:02]} 37. Kg1 {[%clk
00:59:58]} {[%emt 00:00:02]} dxe4 {[%clk 01:02:24]} {[%emt 00:00:14]} 38. bxc6
{[%clk 01:00:10]} {[%emt 00:00:18]} bxc6 {[%clk 01:02:48]} {[%emt 00:00:06]}
39. Rc1 {[%clk 01:00:23]} {[%emt 00:00:15]} Kd7 {[%clk 01:03:03]} {[%emt
00:00:17]} 40. Rc5 {[%clk 01:00:39]} {[%emt 00:00:14]} e3 {[%clk 01:03:16]}
{[%emt 00:00:16]} 41. d5 {[%clk 01:00:30]} {[%emt 00:00:39]} cxd5 {[%clk
01:03:15]} {[%emt 00:00:31]} 42. Rxd5+ {[%clk 01:00:51]} {[%emt 00:00:09]} Ke6
{[%clk 01:03:41]} {[%emt 00:00:04]} 43. Rb5 {[%clk 01:00:51]} {[%emt 00:00:27]}
e2 {[%clk 01:03:50]} {[%emt 00:00:23]} 44. Rb1 {[%clk 01:01:03]} {[%emt
00:00:19]} Rxh3 {[%clk 01:04:16]} {[%emt 00:00:04]} 45. a5 {[%clk 01:01:20]}
{[%emt 00:00:12]} e1=Q+ {[%clk 01:04:14]} {[%emt 00:00:32]} 46. Rxe1+ {[%clk
01:01:34]} {[%emt 00:00:17]} Bxe1 {[%clk 01:04:31]} {[%emt 00:00:13]} 47. a6
{[%clk 01:01:59]} {[%emt 00:00:04]} Rg3+ {[%clk 01:04:33]} {[%emt 00:00:28]}
48. Kh1 {[%clk 01:02:04]} {[%emt 00:00:24]} Ke5 {[%clk 01:04:53]} {[%emt
00:00:11]} 49. Kh2 {[%clk 01:02:32]} {[%emt 00:00:04]} Ke4 {[%clk 01:05:11]}
{[%emt 00:00:10]} 50. Kh1 {[%clk 01:02:59]} {[%emt 00:00:04]} Kf3 {[%clk
01:05:31]} {[%emt 00:00:10]} 51. Kh2 {[%clk 01:03:17]} {[%emt 00:00:12]} Kf2
{[%clk 01:06:00]} 52. Kh1 {[%clk 01:03:46]} {[%emt 00:00:02]} Rh3+ {[%emt
00:00:01]} 0-1

[Event "DEM U14 2023"]
[Site "Willingen GER"]
[Date "2023.06.02"]
[Round "8"]
[White "Fruth, David"]
[Black "Weber, Nikita"]
[Result "1/2-1/2"]
[Termination "normal"]
[Board "14"]
[WhiteElo "1851"]
[BlackElo "1531"]
[WhiteClock "00:21:46"]
[BlackClock "00:45:47"]
[PlyCount "106"]
[WhiteFideId "16257596"]
[BlackFideId "34608770"]
[EventCountry "GER"]
[EventRounds "9"]
[EventType "swiss"]
[EventDate "2023.05.27"]

1. e4 {[%clk 01:30:44]} {[%emt 00:00:15]} d5 {[%clk 01:30:57]} {[%emt
00:00:03]} 2. exd5 {[%clk 01:31:07]} {[%emt 00:00:08]} Qxd5 {[%clk 01:31:26]}
{[%emt 00:00:01]} 3. Nc3 {[%clk 01:31:07]} {[%emt 00:00:30]} Qd6 {[%clk
01:31:52]} {[%emt 00:00:04]} 4. Bc4 {[%clk 01:30:27]} {[%emt 00:01:10]} Nf6
{[%clk 01:31:53]} {[%emt 00:00:29]} 5. d4 {[%clk 01:28:20]} {[%emt 00:02:37]}
c6 {[%clk 01:32:15]} {[%emt 00:00:09]} 6. Nge2 {[%clk 01:26:19]} {[%emt
00:02:30]} Bg4 {[%clk 01:31:41]} {[%emt 00:01:03]} 7. f3 {[%clk 01:26:11]}
{[%emt 00:00:38]} Be6 {[%clk 01:16:44]} {[%emt 00:15:27]} 8. Bf4 {[%clk
01:21:54]} {[%emt 00:04:46]} Qd7 {[%clk 01:16:46]} {[%emt 00:00:28]} 9. Bxe6
{[%clk 01:10:42]} {[%emt 00:11:42]} Qxe6 {[%clk 01:17:11]} {[%emt 00:00:05]}
10. Qd3 {[%clk 01:03:12]} {[%emt 00:08:00]} Nbd7 {[%clk 01:14:45]} {[%emt
00:02:56]} 11. O-O-O {[%clk 01:00:18]} {[%emt 00:03:25]} Nb6 {[%clk 01:14:48]}
{[%emt 00:00:28]} 12. Rhe1 {[%clk 00:56:14]} {[%emt 00:04:34]} Nbd5 {[%clk
01:02:47]} {[%emt 00:12:31]} 13. Nxd5 {[%clk 00:51:04]} {[%emt 00:05:39]} Nxd5
{[%clk 01:03:03]} {[%emt 00:00:13]} 14. Kb1 {[%clk 00:33:14]} {[%emt 00:18:21]}
Qg6 {[%clk 00:49:31]} {[%emt 00:14:02]} 15. c4 {[%clk 00:30:14]} {[%emt
00:03:30]} Qxd3+ {[%clk 00:42:56]} {[%emt 00:07:04]} 16. Rxd3 {[%clk 00:30:42]}
{[%emt 00:00:02]} Nxf4 {[%clk 00:42:32]} {[%emt 00:00:55]} 17. Nxf4 {[%clk
00:31:11]} {[%emt 00:00:01]} O-O-O {[%clk 00:40:14]} {[%emt 00:02:49]} 18. Red1
{[%clk 00:25:57]} {[%emt 00:05:43]} e6 {[%clk 00:39:13]} {[%emt 00:01:31]} 19.
Kc2 {[%clk 00:16:01]} {[%emt 00:10:26]} Bd6 {[%clk 00:38:48]} {[%emt 00:00:55]}
20. Ne2 {[%clk 00:16:11]} {[%emt 00:00:20]} Rd7 {[%clk 00:38:10]} {[%emt
00:01:09]} 21. g3 {[%clk 00:16:06]} {[%emt 00:00:33]} Rhd8 {[%clk 00:37:26]}
{[%emt 00:01:14]} 22. a3 {[%clk 00:14:34]} {[%emt 00:02:03]} Re8 {[%clk
00:34:59]} {[%emt 00:02:57]} 23. Nc3 {[%clk 00:14:40]} {[%emt 00:00:24]} Red8
{[%clk 00:31:46]} {[%emt 00:03:43]} 24. f4 {[%clk 00:13:13]} {[%emt 00:01:57]}
Be7 {[%clk 00:31:49]} {[%emt 00:00:27]} 25. d5 {[%clk 00:12:03]} {[%emt
00:01:40]} exd5 {[%clk 00:31:02]} {[%emt 00:01:16]} 26. cxd5 {[%clk 00:12:30]}
{[%emt 00:00:05]} cxd5 {[%clk 00:31:05]} {[%emt 00:00:26]} 27. Nxd5 {[%clk
00:12:52]} {[%emt 00:00:08]} Bd6 {[%clk 00:30:52]} {[%emt 00:00:42]} 28. b4
{[%clk 00:13:12]} {[%emt 00:00:11]} Kb8 {[%clk 00:29:57]} {[%emt 00:01:25]} 29.
Kb3 {[%clk 00:13:22]} {[%emt 00:00:20]} Bf8 {[%clk 00:28:16]} {[%emt 00:02:11]}
30. Kc2 {[%clk 00:12:58]} {[%emt 00:00:54]} Rd6 {[%clk 00:26:48]} {[%emt
00:01:58]} 31. Nc3 {[%clk 00:12:31]} {[%emt 00:00:57]} Rxd3 {[%clk 00:26:08]}
{[%emt 00:01:10]} 32. Rxd3 {[%clk 00:12:58]} {[%emt 00:00:04]} Rxd3 33. Kxd3
{[%clk 00:13:27]} a5 {[%clk 00:25:34]} {[%emt 00:01:13]} 34. Kc4 {[%clk
00:13:29]} {[%emt 00:00:29]} axb4 {[%clk 00:25:56]} {[%emt 00:00:08]} 35. axb4
{[%clk 00:13:57]} b6 {[%clk 00:25:13]} {[%emt 00:01:13]} 36. Kb5 {[%clk
00:08:52]} {[%emt 00:05:34]} Kb7 {[%clk 00:25:21]} {[%emt 00:00:22]} 37. Nd5
{[%clk 00:06:37]} {[%emt 00:02:46]} h6 {[%clk 00:24:47]} {[%emt 00:01:03]} 38.
f5 {[%clk 00:03:29]} {[%emt 00:03:39]} Bd6 {[%clk 00:22:40]} {[%emt 00:02:36]}
39. Nxb6 {[%clk 00:02:49]} {[%emt 00:01:10]} Bxb4 {[%clk 00:23:01]} {[%emt
00:00:08]} 40. f6 {[%clk 00:00:51]} {[%emt 00:02:29]} Bc3 {[%clk 00:16:48]}
{[%emt 00:06:42]} 41. fxg7 {[%clk 00:25:03]} {[%emt 00:06:18]} Bxg7 {[%clk
00:47:16]} {[%emt 00:00:02]} 42. Nd5 {[%clk 00:25:11]} {[%emt 00:00:21]} Be5
{[%clk 00:46:59]} {[%emt 00:00:47]} 43. Kc5 {[%clk 00:25:16]} {[%emt 00:00:26]}
h5 {[%clk 00:46:39]} {[%emt 00:00:50]} 44. Nf4 {[%clk 00:20:24]} {[%emt
00:05:23]} h4 {[%clk 00:45:58]} {[%emt 00:01:10]} 45. Kd5 {[%clk 00:20:40]}
{[%emt 00:00:14]} hxg3 {[%clk 00:46:20]} {[%emt 00:00:08]} 46. hxg3 {[%clk
00:21:09]} Bc7 {[%clk 00:44:35]} {[%emt 00:02:15]} 47. Ke4 {[%clk 00:20:41]}
{[%emt 00:00:58]} Kc6 {[%clk 00:44:56]} {[%emt 00:00:09]} 48. Kf5 {[%clk
00:21:04]} {[%emt 00:00:08]} Kd7 {[%clk 00:45:19]} {[%emt 00:00:07]} 49. Kf6
{[%clk 00:21:06]} {[%emt 00:00:28]} Ke8 {[%clk 00:45:26]} {[%emt 00:00:23]} 50.
Kf5 {[%clk 00:21:03]} {[%emt 00:00:33]} Kf8 {[%clk 00:45:46]} {[%emt 00:00:09]}
51. g4 {[%clk 00:21:15]} {[%emt 00:00:19]} Bd8 {[%clk 00:45:40]} {[%emt
00:00:36]} 52. Nd5 {[%clk 00:21:25]} {[%emt 00:00:19]} Kg7 {[%clk 00:45:47]}
{[%emt 00:00:23]} 53. g5 {[%clk 00:21:46]} {[%emt 00:00:10]} Bxg5 {[%emt
00:00:06]} 1/2-1/2

[Event "DEM U14 2023"]
[Site "Willingen GER"]
[Date "2023.06.02"]
[Round "8"]
[White "Mester, Philipp"]
[Black "Limmer, Marco"]
[Result "1-0"]
[Termination "normal"]
[Board "15"]
[WhiteElo "1730"]
[BlackElo "1774"]
[WhiteClock "00:06:34"]
[BlackClock "00:14:03"]
[PlyCount "63"]
[WhiteFideId "34624902"]
[BlackFideId "34603506"]
[EventCountry "GER"]
[EventRounds "9"]
[EventType "swiss"]
[EventDate "2023.05.27"]

1. d4 {[%clk 01:30:58]} Nf6 {[%clk 01:30:56]} {[%emt 00:00:05]} 2. c4 {[%clk
01:31:24]} {[%emt 00:00:04]} g6 {[%clk 01:31:19]} {[%emt 00:00:06]} 3. f3
{[%clk 01:31:51]} {[%emt 00:00:04]} Bg7 {[%clk 01:31:31]} {[%emt 00:00:18]} 4.
e4 {[%clk 01:32:15]} {[%emt 00:00:05]} d6 {[%clk 01:31:59]} {[%emt 00:00:03]}
5. Nc3 {[%clk 01:32:33]} {[%emt 00:00:12]} O-O {[%clk 01:32:17]} {[%emt
00:00:12]} 6. Nge2 {[%clk 01:32:40]} {[%emt 00:00:24]} e5 {[%clk 01:32:23]}
{[%emt 00:00:24]} 7. Bg5 {[%clk 01:32:04]} {[%emt 00:01:05]} exd4 {[%clk
01:30:48]} {[%emt 00:02:05]} 8. Nxd4 {[%clk 01:32:22]} {[%emt 00:00:12]} h6
{[%clk 01:29:01]} {[%emt 00:02:17]} 9. Be3 {[%clk 01:32:42]} {[%emt 00:00:09]}
Bd7 {[%clk 01:24:21]} {[%emt 00:05:11]} 10. Qd2 {[%clk 01:31:47]} {[%emt
00:01:24]} Kh7 {[%clk 01:21:46]} {[%emt 00:03:04]} 11. Be2 {[%clk 01:31:26]}
{[%emt 00:00:51]} Nc6 {[%clk 01:19:06]} {[%emt 00:03:11]} 12. Nc2 {[%clk
01:20:10]} {[%emt 00:11:45]} a6 {[%clk 01:13:26]} {[%emt 00:06:11]} 13. g4
{[%clk 01:19:02]} {[%emt 00:01:38]} Ne8 {[%clk 01:07:05]} {[%emt 00:06:50]} 14.
h4 {[%clk 01:17:04]} {[%emt 00:02:29]} Ne5 {[%clk 00:59:44]} {[%emt 00:07:51]}
15. O-O-O {[%clk 01:03:40]} {[%emt 00:13:52]} b5 {[%emt 00:02:51]} 16. cxb5
{[%clk 01:00:38]} {[%emt 00:03:31]} axb5 {[%clk 00:55:28]} {[%emt 00:02:28]}
17. Rdg1 {[%clk 00:58:11]} {[%emt 00:02:55]} c5 {[%clk 00:49:56]} {[%emt
00:06:04]} 18. f4 {[%clk 00:51:20]} {[%emt 00:07:20]} b4 {[%clk 00:45:33]}
{[%emt 00:04:54]} 19. Nd1 {[%clk 00:49:52]} {[%emt 00:01:55]} Nc6 {[%clk
00:44:05]} {[%emt 00:02:00]} 20. h5 {[%clk 00:46:49]} {[%emt 00:03:33]} Rxa2
{[%clk 00:38:38]} {[%emt 00:05:58]} 21. hxg6+ {[%clk 00:47:14]} {[%emt
00:00:05]} fxg6 {[%clk 00:38:56]} {[%emt 00:00:13]} 22. Bc4 {[%clk 00:44:04]}
{[%emt 00:03:38]} Ra5 {[%clk 00:34:49]} {[%emt 00:04:38]} 23. f5 {[%clk
00:39:38]} {[%emt 00:04:56]} Qa8 {[%clk 00:34:20]} {[%emt 00:00:59]} 24. fxg6+
{[%clk 00:39:04]} {[%emt 00:01:04]} Kxg6 {[%clk 00:23:30]} {[%emt 00:11:19]}
25. Qh2 {[%clk 00:28:30]} {[%emt 00:11:03]} Ra1+ {[%clk 00:19:15]} {[%emt
00:04:47]} 26. Nxa1 {[%clk 00:18:10]} {[%emt 00:10:50]} Qxa1+ {[%clk 00:19:15]}
{[%emt 00:00:32]} 27. Kc2 {[%clk 00:17:51]} {[%emt 00:00:46]} Ne5 {[%clk
00:13:32]} {[%emt 00:06:13]} 28. Qh5+ {[%clk 00:16:27]} {[%emt 00:01:54]} Kh7
{[%clk 00:13:57]} {[%emt 00:00:05]} 29. Bxh6 {[%clk 00:08:38]} {[%emt
00:08:19]} Ba4+ {[%clk 00:14:12]} {[%emt 00:00:15]} 30. b3 {[%clk 00:08:45]}
{[%emt 00:00:23]} Nf6 {[%clk 00:14:01]} {[%emt 00:00:42]} 31. Qf5+ {[%clk
00:06:34]} {[%emt 00:02:41]} Kh8 {[%clk 00:14:03]} {[%emt 00:00:27]} 32. Bg5+
{[%emt 00:01:13]} 1-0

[Event "DEM U14 2023"]
[Site "Willingen GER"]
[Date "2023.06.02"]
[Round "8"]
[White "Zomartova, Ilya"]
[Black "Aniol, Nico"]
[Result "0-1"]
[Termination "normal"]
[Board "16"]
[WhiteElo "1672"]
[BlackElo "1592"]
[WhiteClock "00:31:57"]
[BlackClock "00:30:56"]
[PlyCount "57"]
[WhiteFideId "13630946"]
[BlackFideId "16287096"]
[EventCountry "GER"]
[EventRounds "9"]
[EventType "swiss"]
[EventDate "2023.05.27"]

1. d4 {[%clk 01:30:53]} {[%emt 00:00:05]} Nf6 {[%clk 01:30:46]} {[%emt
00:00:15]} 2. c4 {[%clk 01:31:18]} {[%emt 00:00:05]} g6 {[%clk 01:31:12]}
{[%emt 00:00:03]} 3. Nc3 {[%clk 01:31:39]} {[%emt 00:00:09]} Bg7 {[%clk
01:31:37]} {[%emt 00:00:05]} 4. e4 {[%clk 01:32:00]} {[%emt 00:00:09]} d6
{[%clk 01:32:04]} {[%emt 00:00:04]} 5. f3 {[%clk 01:31:59]} {[%emt 00:00:31]}
O-O {[%clk 01:32:25]} {[%emt 00:00:09]} 6. Be3 {[%clk 01:32:25]} {[%emt
00:00:05]} a6 {[%clk 01:30:54]} {[%emt 00:01:59]} 7. Nge2 {[%clk 01:32:35]}
{[%emt 00:00:20]} Nbd7 {[%clk 01:26:12]} {[%emt 00:05:11]} 8. Qd2 {[%clk
01:31:29]} {[%emt 00:01:36]} b5 {[%clk 01:19:45]} {[%emt 00:06:57]} 9. cxb5
{[%clk 01:23:25]} {[%emt 00:08:34]} axb5 {[%clk 01:20:09]} {[%emt 00:00:08]}
10. Nxb5 {[%clk 01:23:04]} {[%emt 00:00:49]} c6 {[%clk 01:18:22]} {[%emt
00:02:18]} 11. Nbc3 {[%clk 01:17:14]} {[%emt 00:06:21]} e5 {[%clk 01:15:56]}
{[%emt 00:02:53]} 12. O-O-O {[%clk 01:13:51]} {[%emt 00:03:54]} d5 {[%clk
01:13:28]} {[%emt 00:02:59]} 13. dxe5 {[%clk 01:09:59]} {[%emt 00:04:23]} Nxe5
{[%clk 01:13:50]} {[%emt 00:00:07]} 14. Ng3 {[%clk 01:09:51]} {[%emt 00:00:36]}
Be6 {[%clk 00:59:45]} {[%emt 00:14:37]} 15. Bd4 {[%clk 01:00:52]} {[%emt
00:09:28]} Qc7 {[%clk 00:48:32]} {[%emt 00:11:43]} 16. f4 {[%clk 00:49:03]}
{[%emt 00:12:19]} Neg4 {[%clk 00:43:07]} {[%emt 00:05:55]} 17. h3 {[%clk
00:45:28]} {[%emt 00:04:05]} c5 {[%clk 00:40:19]} {[%emt 00:03:19]} 18. e5
{[%clk 00:41:54]} {[%emt 00:04:03]} cxd4 {[%clk 00:40:01]} {[%emt 00:00:47]}
19. Qxd4 {[%clk 00:41:05]} {[%emt 00:01:20]} Nxe5 {[%clk 00:38:35]} {[%emt
00:01:56]} 20. fxe5 {[%clk 00:38:36]} {[%emt 00:02:58]} Nd7 {[%clk 00:38:04]}
{[%emt 00:01:00]} 21. Nge2 {[%clk 00:35:39]} {[%emt 00:03:28]} Nxe5 {[%clk
00:34:32]} {[%emt 00:04:02]} 22. Kb1 {[%clk 00:35:19]} {[%emt 00:00:51]} Nc4
{[%clk 00:29:49]} {[%emt 00:05:12]} 23. Nxd5 {[%clk 00:33:03]} {[%emt
00:02:47]} Bxd5 {[%clk 00:30:13]} {[%emt 00:00:06]} 24. Qxd5 {[%clk 00:33:17]}
{[%emt 00:00:16]} Ne3 {[%clk 00:30:34]} {[%emt 00:00:09]} 25. Qd2 {[%clk
00:32:21]} {[%emt 00:01:26]} Nxd1 {[%clk 00:30:37]} {[%emt 00:00:26]} 26. Qxd1
{[%clk 00:32:44]} {[%emt 00:00:07]} Rfb8 {[%clk 00:30:45]} {[%emt 00:00:23]}
27. b3 {[%clk 00:32:25]} {[%emt 00:00:49]} Qe5 {[%clk 00:30:56]} {[%emt
00:00:18]} 28. Qd4 {[%clk 00:31:57]} {[%emt 00:00:58]} Qd5 {[%emt 00:00:12]}
29. Qc5 0-1

[Event "DEM U14 2023"]
[Site "Willingen GER"]
[Date "2023.06.02"]
[Round "8"]
[White "Grabs, Peter"]
[Black "Mohammadzadeh, Daris"]
[Result "0-1"]
[Termination "normal"]
[Board "17"]
[WhiteTitle "CM"]
[WhiteElo "1552"]
[BlackElo "1639"]
[WhiteClock "00:04:06"]
[BlackClock "01:08:01"]
[PlyCount "36"]
[WhiteFideId "16203887"]
[BlackFideId "34604359"]
[EventCountry "GER"]
[EventRounds "9"]
[EventType "swiss"]
[EventDate "2023.05.27"]

1. e4 {[%clk 01:30:51]} {[%emt 00:00:08]} c5 {[%clk 01:30:50]} {[%emt
00:00:11]} 2. Nf3 {[%clk 01:31:16]} {[%emt 00:00:05]} Nc6 {[%clk 01:31:15]}
{[%emt 00:00:06]} 3. Bb5 {[%clk 01:31:43]} {[%emt 00:00:02]} e5 {[%clk
01:31:31]} {[%emt 00:00:13]} 4. O-O {[%clk 01:32:04]} {[%emt 00:00:10]} Bd6
{[%clk 01:31:55]} {[%emt 00:00:05]} 5. d4 {[%clk 01:31:17]} {[%emt 00:01:17]}
Nxd4 {[%clk 01:30:44]} {[%emt 00:01:42]} 6. Nxd4 {[%clk 01:30:19]} {[%emt
00:01:28]} cxd4 {[%clk 01:29:37]} {[%emt 00:01:37]} 7. c3 {[%clk 01:28:26]}
{[%emt 00:02:23]} a6 {[%clk 01:28:24]} {[%emt 00:01:42]} 8. Bc4 {[%clk
01:28:24]} {[%emt 00:00:33]} Nf6 {[%clk 01:27:11]} {[%emt 00:01:42]} 9. cxd4
{[%clk 01:28:20]} {[%emt 00:00:35]} exd4 {[%clk 01:26:50]} {[%emt 00:00:51]}
10. Qxd4 {[%clk 01:28:19]} {[%emt 00:00:31]} Qc7 {[%clk 01:26:01]} {[%emt
00:01:18]} 11. e5 {[%clk 01:26:54]} {[%emt 00:01:56]} Bxe5 {[%clk 01:22:48]}
{[%emt 00:03:43]} 12. Re1 {[%clk 01:23:51]} {[%emt 00:03:32]} d6 {[%clk
01:20:26]} {[%emt 00:02:51]} 13. f4 {[%clk 01:23:45]} {[%emt 00:00:36]} Be6
{[%clk 01:20:15]} {[%emt 00:00:42]} 14. fxe5 {[%clk 01:23:40]} {[%emt
00:00:35]} dxe5 {[%clk 01:20:08]} {[%emt 00:00:37]} 15. Rxe5 {[%clk 01:20:58]}
{[%emt 00:03:11]} Rd8 {[%clk 01:12:02]} {[%emt 00:08:35]} 16. Qc3 {[%clk
00:05:50]} {[%emt 01:15:39]} Rd1+ {[%clk 01:09:52]} {[%emt 00:02:40]} 17. Kf2
{[%clk 00:03:50]} {[%emt 00:02:30]} Qxe5 {[%clk 01:08:18]} {[%emt 00:02:04]}
18. Bxe6 {[%clk 00:04:06]} {[%emt 00:00:14]} Ne4+ {[%clk 01:08:01]} {[%emt
00:00:47]} 0-1